[Event "Sveins 6. Minneturnering"]
[Site "Oslo"]
[Date "2013.06.21"]
[Round "5"]
[White "Westerinen, Heikki M.J."]
[Black "Østmoe, Geir Sune Tallaksen"]
[Result "0-1"]
[WhiteElo "2318"]
[BlackElo "2444"]
[PlyCount "92"]
[EventDate "2013.??.??"]

1. e4 c6 2. d4 d5 3. Nc3 dxe4 4. Nxe4 Bf5 5. Ng3 Bg6 6. h4 h6 7. Nf3 Nd7 8. Bd3
Bxd3 9. Qxd3 e6 10. Bf4 Ngf6 11. O-O-O Be7 12. c4 b5 13. Ne5 bxc4 14. Qxc4 Nd5
15. Ne2 Bxh4 16. Kb1 Bf6 17. Ng4 Qb6 18. Bd6 Be7 19. Bg3 Qb5 20. Rc1 O-O 21.
Nf4 Nxf4 22. Qxb5 cxb5 23. Bxf4 Rfc8 24. Ne3 Nb6 25. g4 Rxc1+ 26. Rxc1 Rc8 27.
Rxc8+ Nxc8 28. d5 Bd6 29. Bxd6 Nxd6 30. dxe6 fxe6 31. Kc2 g6 32. Kd3 h5 33. Ng2
e5 34. b3 Kf7 35. a4 bxa4 36. bxa4 Kf6 37. gxh5 gxh5 38. Ke3 Kf5 39. Nh4+ Kg4
40. Ng6 Nf7 41. Ke4 a5 42. f3+ Kg3 43. Ne7 Nd6+ 44. Kxe5 h4 45. Nd5 h3 46. Ne3
Nc4+
0-1

[Event "Sveins 6. Minneturnering"]
[Site "Oslo"]
[Date "2013.06.21"]
[Round "5"]
[White "Bekker-Jensen, Simon"]
[Black "Svensen, Tarjei Joten"]
[Result "1-0"]
[WhiteElo "2419"]
[BlackElo "2094"]
[PlyCount "59"]
[EventDate "2013.??.??"]

1. d4 d5 2. c4 c6 3. Nf3 Nf6 4. Nc3 e6 5. Bg5 Nbd7 6. e3 Qa5 7. cxd5 Nxd5 8.
Qd2 Bb4 9. Rc1 h6 10. Bh4 O-O 11. Bd3 e5 12. a3 Bxc3 13. bxc3 N5f6 14. Bxf6
Nxf6 15. Nxe5 Qxa3 16. O-O Qe7 17. f4 c5 18. e4 Rd8 19. Qe3 Ng4 20. Nxg4 Bxg4
21. h3 Bd7 22. d5 b5 23. e5 Re8 24. Rf3 Rac8 25. Rg3 c4 26. d6 Qe6 27. Be4 Bc6
28. Bxc6 Rxc6 29. Qxa7 Qf5 30. Qd4
1-0

[Event "Sveins 6. Minneturnering"]
[Site "Oslo"]
[Date "2013.06.21"]
[Round "5"]
[White "Grønn, Atle"]
[Black "Mihajlov, Svetoslav"]
[Result "1-0"]
[WhiteElo "2368"]
[BlackElo "2055"]
[PlyCount "73"]
[EventDate "2013.??.??"]

1. Nf3 d5 2. d4 Nf6 3. c4 c6 4. Qc2 dxc4 5. Qxc4 Bf5 6. g3 h6 7. Bg2 Nbd7 8.
O-O e6 9. Nc3 Be7 10. e3 O-O 11. Qe2 Ne4 12. Nd2 Nxd2 13. Bxd2 c5 14. e4 cxd4
15. exf5 dxc3 16. Bxc3 Qb6 17. fxe6 fxe6 18. Bh3 Kh8 19. Bxe6 Nc5 20. Bd5 Bf6
21. Rac1 Rae8 22. Qc4 Nd7 23. Rc2 Rc8 24. Qa4 Bxc3 25. Rxc3 Rxc3 26. bxc3 Nc5
27. Qb4 Qd6 28. c4 Re8 29. Re1 Re7 30. Rxe7 Qxe7 31. Kf1 b6 32. Qc3 Qg5 33. Qe1
Qg6 34. Qe7 Qb1+ 35. Kg2 Qxa2 36. Qe8+ Kh7 37. Bg8+
1-0

[Event "Sveins 6. Minneturnering"]
[Site "Oslo"]
[Date "2013.06.21"]
[Round "5"]
[White "Getz, Nicolai"]
[Black "Mihajlov, Sebastian"]
[Result "1/2-1/2"]
[WhiteElo "2359"]
[BlackElo "2101"]
[PlyCount "93"]
[EventDate "2013.??.??"]

1. Nf3 Nf6 2. c4 c6 3. Nc3 d5 4. e3 e6 5. b3 Nbd7 6. Qc2 Bd6 7. Be2 O-O 8. Bb2
b6 9. cxd5 cxd5 10. Nb5 Bc5 11. O-O Bb7 12. d4 Be7 13. Rfc1 Rc8 14. Qd3 Rxc1+
15. Rxc1 a6 16. Nc3 Bd6 17. Nd2 Qe7 18. f4 Rc8 19. Rc2 b5 20. Bf3 Nb6 21. g3
Qc7 22. Bd1 Qd7 23. Bf3 Qc7 24. Rc1 Qe7 25. Kh1 h6 26. Nd1 Rxc1 27. Bxc1 Nc8
28. Nf2 Bb4 29. Qc2 Nd6 30. Nd3 Ba5 31. Ba3 Qc7 32. Qxc7 Bxc7 33. Bxd6 Bxd6 34.
b4 Kf8 35. Nb3 Ke7 36. Ndc5 Bc8 37. Kg2 Bc7 38. Kf2 Ne8 39. e4 dxe4 40. Bxe4
Nd6 41. Bd3 Bb7 42. Ke3 Bb6 43. Nxb7 Nxb7 44. Be4 Nd6 45. Nc5 a5 46. bxa5 Bxa5
47. Bd3 1/2-1/2

[Event "Sveins 6. Minneturnering"]
[Site "Oslo"]
[Date "2013.06.21"]
[Round "5"]
[White "Arvola, Benjamin"]
[Black "Gonzalez, Francisco Silva"]
[Result "1-0"]
[WhiteElo "2358"]
[BlackElo "2050"]
[PlyCount "63"]
[EventDate "2013.??.??"]

1. d4 Nf6 2. c4 c5 3. d5 e6 4. Nc3 exd5 5. cxd5 d6 6. e4 g6 7. f4 Bg7 8. Bb5+
Nfd7 9. a4 O-O 10. Nf3 Na6 11. O-O Nb4 12. Re1 a6 13. Bf1 Nf6 14. e5 dxe5 15.
fxe5 Nfxd5 16. Bg5 Qd7 17. Ne4 Qc6 18. Nf6+ Nxf6 19. exf6 Bxf6 20. Ne5 Qb6 21.
Nc4 Qd8 22. Qxd8 Bxd8 23. Bh6 Nc2 24. Bxf8 Kxf8 25. Rad1 Be6 26. Rxe6 fxe6 27.
Rd7 b5 28. Ne5 Nd4 29. Rxh7 Bg5 30. Rh8+ Kg7 31. Rxa8 Be3+ 32. Kh1
1-0

[Event "Sveins 6. Minneturnering"]
[Site "Oslo"]
[Date "2013.06.21"]
[Round "5"]
[White "Johnsen, Sylvia"]
[Black "Kvisvik, Brede Alex."]
[Result "0-1"]
[WhiteElo "2010"]
[BlackElo "2312"]
[PlyCount "84"]
[EventDate "2013.??.??"]

1. e4 e5 2. Nf3 Nc6 3. Bb5 Nf6 4. d3 Bc5 5. O-O d6 6. c3 O-O 7. Nbd2 Ne7 8. b4
Bb6 9. d4 exd4 10. cxd4 Bg4 11. Qc2 a6 12. Ba4 d5 13. e5 Bf5 14. Qb2 Ne4 15.
Nh4 Nxd2 16. Qxd2 Be4 17. Rd1 Nc6 18. Bxc6 Qxh4 19. Bd7 Rad8 20. Bh3 Bf3 21.
Qg5 Qxg5 22. Bxg5 Bxd1 23. Bxd8 Ba4 24. Be7 Bxd4 25. Rc1 Re8 26. Rxc7 Bxe5 27.
Rc8 Rxc8 28. Bxc8 Bc6 29. g3 Bc3 30. Bf5 Bb5 31. Bc5 d4 32. f4 Bc4 33. a4 d3
34. Kf2 g6 35. Be4 f5 36. Bxb7 d2 37. Bf3 Bb3 38. b5 d1=Q 39. Bxd1 Bxd1 40. b6
Ba5 41. b7 Bc7 42. a5 Bb8
0-1

[Event "Sveins 6. Minneturnering"]
[Site "Oslo"]
[Date "2013.06.21"]
[Round "5"]
[White "Fernandez Siles, Luis"]
[Black "Hansen, Lars-Henrik Bech"]
[Result "1-0"]
[WhiteElo "2285"]
[BlackElo "2045"]
[PlyCount "69"]
[EventDate "2013.??.??"]

1. d4 g6 2. c4 Nf6 3. Nc3 Bg7 4. e4 d6 5. Nf3 O-O 6. Be2 e5 7. O-O Nc6 8. d5
Ne7 9. b4 a5 10. Ba3 axb4 11. Bxb4 Nh5 12. c5 Bg4 13. cxd6 cxd6 14. Nb5 Nc8 15.
Nd2 Bxe2 16. Qxe2 Nf4 17. Qf3 f5 18. a4 Rf7 19. Kh1 Bf8 20. g3 fxe4 21. Qxe4
Nh3 22. Qg2 Qd7 23. Ne4 Ra6 24. f3 g5 25. Qd2 h6 26. Kg2 Kg7 27. Qe2 Be7 28.
Rfc1 g4 29. fxg4 Ng5 30. Rc7 Qd8 31. Rac1 Nb6 32. Nexd6 Rf6 33. Qxe5 Nd7 34.
Nf5+ Kf7 35. Bxe7
1-0

[Event "Sveins 6. Minneturnering"]
[Site "Oslo"]
[Date "2013.06.21"]
[Round "5"]
[White "Christiansen, Johan-Sebastian"]
[Black "Aulin-Jansson, Jøran"]
[Result "1/2-1/2"]
[WhiteElo "2086"]
[BlackElo "2222"]
[PlyCount "75"]
[EventDate "2013.??.??"]

1. c4 Nf6 2. Nc3 c5 3. g3 g6 4. Bg2 Bg7 5. Nf3 Nc6 6. d4 cxd4 7. Nxd4 O-O 8.
O-O Ng4 9. e3 d6 10. b3 Bd7 11. Bb2 Nxd4 12. exd4 Rb8 13. b4 Nh6 14. Re1 Re8
15. Nd5 Nf5 16. a4 e6 17. Ne3 Nxe3 18. Rxe3 Bc6 19. Bf1 b6 20. b5 Bb7 21. Qb3
a5 22. Rd1 Re7 23. Rc3 Rc8 24. Bc1 Rd7 25. Be3 Qf6 26. Bg2 Bxg2 27. Kxg2 Qf5
28. Qc2 Qh5 29. Rc1 Rdc7 30. Kg1 Qg4 31. Qd3 h5 32. Kg2 Kf8 33. h3 Qf5 34. Qxf5
gxf5 35. Kf3 Ke7 36. Ke2 Kd7 37. Kd3 Bf8 38. h4 1/2-1/2

[Event "Sveins 6. Minneturnering"]
[Site "Oslo"]
[Date "2013.06.21"]
[Round "5"]
[White "Mikalsen, Erlend"]
[Black "Kjøita, Henning Jakhelln"]
[Result "0-1"]
[WhiteElo "2117"]
[BlackElo "2032"]
[PlyCount "78"]
[EventDate "2013.??.??"]

1. e4 c5 2. Nf3 d6 3. d4 cxd4 4. Nxd4 Nf6 5. Nc3 g6 6. Be3 Bg7 7. f3 a6 8. Qd2
Nbd7 9. g4 b5 10. g5 Nh5 11. a4 bxa4 12. Nxa4 O-O 13. Nc6 Qe8 14. Be2 Nc5 15.
Nxc5 Qxc6 16. Nd3 Bh3 17. Nb4 Qd7 18. Nd5 Bxb2 19. Ra2 Bg7 20. Nb6 Qc6 21. Qd5
Qc3+ 22. Bd2 Be6 23. Bxc3 Bxc3+ 24. Kd1 Bxd5 25. Nxd5 Be5 26. Nxe7+ Kg7 27. Nd5
Rab8 28. Kd2 Nf4 29. Bxa6 Nxd5 30. exd5 Bf4+ 31. Kd3 Rfe8 32. Rf1 Re3+ 33. Kd4
Bxg5 34. Bd3 Re7 35. Ra6 Bf6+ 36. Kc4 Rc7+ 37. Rc6 Ra7 38. Be4 Ra3 39. Rxd6
Rc3#
0-1

[Event "Sveins 6. Minneturnering"]
[Site "Oslo"]
[Date "2013.06.21"]
[Round "5"]
[White "Eriksen, Dag"]
[Black "Omtvedt, Per"]
[Result "0-1"]
[WhiteElo "1735"]
[BlackElo "2051"]
[PlyCount "98"]
[EventDate "2013.??.??"]

1. Nf3 Nf6 2. c4 e6 3. g3 b6 4. Bg2 Bb7 5. d3 d5 6. cxd5 exd5 7. O-O Be7 8. Bf4
O-O 9. Nc3 c6 10. Rc1 Nbd7 11. Qc2 Nc5 12. e4 Ne6 13. Ne2 Nxf4 14. Nxf4 c5 15.
e5 Ne8 16. h4 Nc7 17. Bh3 Bc8 18. Bg2 Be6 19. Nd4 Qd7 20. Ndxe6 fxe6 21. Qe2
Rae8 22. Qg4 Bd8 23. b4 Qe7 24. bxc5 bxc5 25. Nh5 Kh8 26. Rxc5 g6 27. Nf6 Qxc5
28. Nxe8 Rxe8 29. h5 Kg7 30. d4 Qc2 31. f4 Qf5 32. Qd1 Qf7 33. Qa4 Na8 34. Rc1
Bb6 35. Kf2 g5 36. h6+ Kg8 37. Ke3 gxf4+ 38. gxf4 Rf8 39. Rf1 Nc7 40. Bh3 Qg6
41. Qd7 Qxh6 42. Rf3 Qg6 43. f5 Qg1+ 44. Ke2 Qg7 45. Qa4 exf5 46. a3 f4 47. e6
Qxd4 48. e7 Re8 49. Bf5 Qe5+
0-1

[Event "Sveins 6. Minneturnering"]
[Site "Oslo"]
[Date "2013.06.21"]
[Round "5"]
[White "Surender, Anil"]
[Black "Djurhuus, Eivind X"]
[Result "1-0"]
[WhiteElo "2021"]
[BlackElo "1934"]
[PlyCount "65"]
[EventDate "2013.??.??"]

1. d4 Nf6 2. c4 e6 3. Nc3 Bb4 4. e3 O-O 5. Nge2 d5 6. cxd5 exd5 7. Nf4 c6 8.
Bd3 Re8 9. Qc2 Nbd7 10. O-O Nf8 11. Bd2 Ng6 12. Nfe2 Bd6 13. f3 Qc7 14. g3 Bh3
15. Rf2 b5 16. Rc1 Qb6 17. Kh1 Rac8 18. g4 Bxg4 19. Bxg6 hxg6 20. fxg4 Nxg4 21.
Rg2 Nf6 22. Rf1 c5 23. Qb3 cxd4 24. Nxd5 Nxd5 25. Qxd5 Re7 26. Rxg6 Rd8 27.
Nxd4 Bxh2 28. Rxb6 Rxd5 29. Rxb5 Rxb5 30. Nxb5 Be5 31. Nd4 Bf6 32. Kg2 Re4 33.
Kf3
1-0

[Event "Sveins 6. Minneturnering"]
[Site "Oslo"]
[Date "2013.06.21"]
[Round "5"]
[White "Mac Arthur, John"]
[Black "Kjølberg, Jens Hjorth"]
[Result "1-0"]
[WhiteElo "2013"]
[BlackElo "2011"]
[PlyCount "83"]
[EventDate "2013.??.??"]

1. d4 Nf6 2. Nc3 d5 3. Bg5 Nbd7 4. Nf3 c6 5. Qd3 Qa5 6. Bd2 Qb6 7. O-O-O e6 8.
e4 Bb4 9. e5 Ng4 10. Be1 c5 11. h3 Nh6 12. dxc5 Nxc5 13. Qb5+ Kf8 14. Qxb6 axb6
15. Nxd5 exd5 16. Bxb4 Be6 17. a3 g6 18. Nd4 Kg7 19. Bd3 Nf5 20. Nxf5+ gxf5 21.
Be2 Ne4 22. Be1 Rhc8 23. Rd4 Nc5 24. Rb4 Nd7 25. Bc3 Rc7 26. Rd1 Rac8 27. Bf3
Rc5 28. Rd2 Kg8 29. Be2 R5c7 30. Bd4 Nc5 31. f3 Rc6 32. a4 Rb8 33. b3 Kf8 34.
Rxb6 Nd7 35. Rb4 Ke7 36. Ba7 Rg8 37. Rxb7 Rxg2 38. Bb5 Rxd2 39. Bxc6 Rh2 40.
Bc5+ Kd8 41. Bd6 Rxh3 42. a5
1-0

[Event "Sveins 6. Minneturnering"]
[Site "Oslo"]
[Date "2013.06.21"]
[Round "5"]
[White "Rødvik, Trym Daniel"]
[Black "Sætre, Mathias"]
[Result "1-0"]
[WhiteElo "1891"]
[BlackElo "1798"]
[PlyCount "79"]
[EventDate "2013.??.??"]

1. e4 d6 2. d4 Nf6 3. Nc3 g6 4. Be3 Bg7 5. Qd2 O-O 6. h4 Ng4 7. Bg5 f6 8. Bf4
e5 9. Bc4+ Kh8 10. h5 g5 11. Bg3 h6 12. d5 f5 13. exf5 Bxf5 14. f3 Nf6 15. Bd3
Bxd3 16. Qxd3 Nbd7 17. Nh3 Nc5 18. Qc4 Nxh5 19. Bf2 Nf4 20. O-O-O Nd7 21. Ne4
Nb6 22. Bxb6 cxb6 23. Nhxg5 Rc8 24. Qa4 Kg8 25. Ne6 Nxe6 26. dxe6 d5 27. Qb3
Qe7 28. Qxd5 Rfd8 29. Qb3 Rd4 30. c3 Rb4 31. Qa3 Bf8 32. Kb1 Rbc4 33. Qxe7 Bxe7
34. Rd7 R4c7 35. Rxh6 Rxd7 36. exd7 Rd8 37. Re6 Rxd7 38. Rxe5 Kf7 39. Kc2 Bf6
40. Rf5
1-0

[Event "Sveins 6. Minneturnering"]
[Site "Oslo"]
[Date "2013.06.21"]
[Round "5"]
[White "Østby, Martin Bergsjø"]
[Black "Davis, Katherine S"]
[Result "1-0"]
[WhiteElo "1872"]
[BlackElo "1637"]
[PlyCount "73"]
[EventDate "2013.??.??"]

1. e4 c5 2. Nf3 e6 3. d4 cxd4 4. Nxd4 a6 5. Nc3 Qc7 6. Bd3 Nf6 7. O-O Be7 8.
Qe2 d6 9. Nb3 O-O 10. Kh1 b5 11. f4 Nbd7 12. Be3 Bb7 13. a3 Rac8 14. Rf3 Nc5
15. Bg1 Rfd8 16. Rh3 Nfd7 17. Nxc5 dxc5 18. e5 Nf8 19. Bxh7+ Nxh7 20. Qh5 Kf8
21. Qxh7 Ke8 22. Qxg7 Bf8 23. Rh8 Ke7 24. Qf6+ Ke8 25. Bf2 Rd2 26. Rg8 c4 27.
Bh4 Qc5 28. f5 exf5 29. e6 Rc7 30. exf7+ Rxf7 31. Re1+ Be4 32. Nxe4 Rxf6 33.
Nxc5+ Kf7 34. Rxf8+ Kxf8 35. Bxf6 Rxc2 36. Nxa6 Kf7 37. Bc3
1-0

[Event "Sveins 6. Minneturnering"]
[Site "Oslo"]
[Date "2013.06.21"]
[Round "5"]
[White "Rødsmoen, Maud"]
[Black "Bue, Gunnar"]
[Result "1-0"]
[WhiteElo "1769"]
[BlackElo "1683"]
[PlyCount "83"]
[EventDate "2013.??.??"]

1. e4 c5 2. Nf3 e6 3. d4 cxd4 4. Nxd4 a6 5. Nc3 Nc6 6. Be2 Nge7 7. Be3 Nxd4 8.
Qxd4 Nc6 9. Qd2 Be7 10. O-O O-O 11. f4 b5 12. Rf3 Bb7 13. Rd1 d6 14. Rg3 Rc8
15. f5 Ne5 16. Bh6 Bf6 17. Qxd6 Qxd6 18. Rxd6 b4 19. Nd1 Bxe4 20. fxe6 Ng6 21.
Bg5 Be5 22. e7 Rfe8 23. Rd7 Bxg3 24. hxg3 f6 25. Bxa6 Ra8 26. Bc4+ Kh8 27. Bd2
Rxe7 28. Rxe7 Nxe7 29. Bxb4 Nc6 30. Bc3 Ne5 31. Bb3 Ng4 32. Nf2 Nxf2 33. Kxf2
h5 34. a4 Kh7 35. a5 Kg6 36. Ba4 Bb7 37. b4 Kf7 38. Bd4 Ke6 39. Bb3+ Kd6 40. c4
Kc7 41. Bb6+ Kd6 42. b5
1-0

[Event "Sveins 6. Minneturnering"]
[Site "Oslo"]
[Date "2013.06.21"]
[Round "5"]
[White "Amarapala, Sherington"]
[Black "Ellingsrud, Bjørn"]
[Result "1-0"]
[WhiteElo "1738"]
[BlackElo "1629"]
[PlyCount "77"]
[EventDate "2013.??.??"]

1. e4 e5 2. Nf3 Nc6 3. d4 exd4 4. Nxd4 Bc5 5. Be3 Bb6 6. Bb5 Nge7 7. O-O O-O 8.
c3 d6 9. Na3 a6 10. Ba4 Be6 11. Qd2 d5 12. Nxe6 fxe6 13. Bxb6 cxb6 14. exd5
Qxd5 15. Qxd5 Nxd5 16. Bb3 Na5 17. Bxd5 exd5 18. Rad1 Rad8 19. Nc2 Rd6 20. Rfe1
Rfd8 21. Nd4 Kf7 22. f3 Nc6 23. Kf2 Nxd4 24. Rxd4 R8d7 25. f4 Rc7 26. Red1 Ke6
27. Re1+ Kf6 28. Re5 Rcd7 29. h4 g6 30. g4 h6 31. Kf3 g5 32. Rf5+ Ke6 33. Re5+
Kf6 34. hxg5+ hxg5 35. Rxg5 Ke6 36. Rg6+ Kf7 37. Rxd6 Rxd6 38. f5 Kf6 39. Kf4
1-0

[Event "Sveins 6. Minneturnering"]
[Site "Oslo"]
[Date "2013.06.21"]
[Round "6"]
[White "Hillarp, Tiger"]
[Black "Hebden, Mark L"]
[Result "1/2-1/2"]
[WhiteElo "2517"]
[BlackElo "2548"]
[PlyCount "69"]
[EventDate "2013.??.??"]

1. d4 Nf6 2. c4 g6 3. Nc3 Bg7 4. e4 d6 5. Be2 O-O 6. Nf3 e5 7. Be3 Ng4 8. Bg5
f6 9. Bh4 Nc6 10. d5 Ne7 11. Nd2 Nh6 12. f3 Nf7 13. b4 f5 14. Nb3 Bh6 15. Qd3
fxe4 16. fxe4 g5 17. Bf2 Ng6 18. g3 g4 19. Be3 Nf4 20. gxf4 exf4 21. Bd4 Qh4+
22. Bf2 g3 23. Bxg3 fxg3 24. Qxg3+ Qxg3+ 25. hxg3 Bg7 26. Kd2 Ng5 27. Raf1 Bh3
28. Rxf8+ Rxf8 29. Kd3 Bg2 30. Rh4 Nf3 31. Rf4 Ne5+ 32. Kc2 Re8 33. Nd2 Bh3 34.
Nb5 Rc8 35. c5
1/2-1/2

[Event "Sveins 6. Minneturnering"]
[Site "Oslo"]
[Date "2013.06.21"]
[Round "6"]
[White "Tari, Aryan"]
[Black "Danielsen, Henrik"]
[Result "1/2-1/2"]
[WhiteElo "2354"]
[BlackElo "2508"]
[PlyCount "60"]
[EventDate "2013.??.??"]

1. e4 d6 2. d4 g6 3. Nc3 c6 4. f4 d5 5. e5 h5 6. Nf3 Nh6 7. Be3 Qb6 8. Na4 Qa5+
9. c3 Bg4 10. b4 Bxf3 11. bxa5 Bxd1 12. Rxd1 Nd7 13. c4 Nf5 14. Bf2 e6 15. Rb1
Rb8 16. c5 Be7 17. a6 bxa6 18. Rxb8+ Nxb8 19. Bd3 Kd7 20. Ke2 Kc8 21. g3 Bd8
22. h3 Ba5 23. Rg1 Ne7 24. Kf3 Kc7 25. Rb1 Kc8 26. Kg2 Bd2 27. Rb2 Ba5 28. Rb1
Bd2 29. Rb2 Ba5 30. Rb1 Bd2
1/2-1/2

[Event "Sveins 6. Minneturnering"]
[Site "Oslo"]
[Date "2013.06.21"]
[Round "6"]
[White "Ziska, Helgi Dam"]
[Black "Getz, Nicolai"]
[Result "1/2-1/2"]
[WhiteElo "2474"]
[BlackElo "2359"]
[PlyCount "58"]
[EventDate "2013.??.??"]

1. e4 e5 2. Nf3 Nc6 3. Bc4 Bc5 4. d3 Nf6 5. Bb3 a6 6. c3 O-O 7. h3 d5 8. exd5
Nxd5 9. O-O Nde7 10. Re1 Ng6 11. d4 exd4 12. Ng5 Be7 13. Nxh7 Kxh7 14. Qh5+ Kg8
15. Qxg6 Na5 16. Bh6 Bf6 17. Qg3 Nxb3 18. axb3 Bf5 19. cxd4 Qxd4 20. Nc3 c6 21.
Ra4 Qd7 22. Bg5 Bxg5 23. Qxg5 Rfe8 24. Raa1 f6 25. Qf4 Rxe1+ 26. Rxe1 Bc2 27.
b4 Rd8 28. Re2 Bb3 29. Re3 Qd6
1/2-1/2

[Event "Sveins 6. Minneturnering"]
[Site "Oslo"]
[Date "2013.06.21"]
[Round "6"]
[White "Mihajlov, Sebastian"]
[Black "Bekker-Jensen, Simon"]
[Result "0-1"]
[WhiteElo "2101"]
[BlackElo "2419"]
[PlyCount "84"]
[EventDate "2013.??.??"]

1. d4 Nf6 2. c4 g6 3. Nc3 Bg7 4. e4 d6 5. Nf3 O-O 6. h3 Na6 7. Be3 e5 8. d5 Nh5
9. Nh2 Qe8 10. Be2 f5 11. exf5 Nf4 12. Bxf4 exf4 13. O-O Bxf5 14. Bg4 Qd7 15.
Ne4 h5 16. Bxf5 Qxf5 17. Re1 Rae8 18. Qb1 Re7 19. Nc3 Qxb1 20. Raxb1 Rfe8 21.
Rxe7 Rxe7 22. Nf3 Nc5 23. b4 Nd3 24. Rb3 Nc1 25. Rb1 Nd3 26. Rb3 Nc1 27. Rb1
Bxc3 28. Rxc1 Bxb4 29. Rb1 a5 30. a3 Bxa3 31. Rxb7 Bc5 32. Ng5 Re1+ 33. Kh2
Bxf2 34. Rb8+ Kg7 35. Ne6+ Kh7 36. Nf8+ Kh6 37. g4 Bg3+ 38. Kg2 Re2+ 39. Kf3
Re3+ 40. Kg2 h4 41. Ne6 f3+ 42. Kg1 Re1#
0-1

[Event "Sveins 6. Minneturnering"]
[Site "Oslo"]
[Date "2013.06.21"]
[Round "6"]
[White "Poulsen, Iver"]
[Black "Arvola, Benjamin"]
[Result "1/2-1/2"]
[WhiteElo "2086"]
[BlackElo "2358"]
[PlyCount "79"]
[EventDate "2013.??.??"]

1. e4 c5 2. Nc3 Nc6 3. Bb5 e6 4. Bxc6 bxc6 5. f4 d5 6. d3 Nh6 7. Nf3 Be7 8. O-O
O-O 9. Qe1 f5 10. e5 Rb8 11. Na4 Ba6 12. b3 c4 13. dxc4 dxc4 14. Rf2 c3 15. h3
Qa5 16. Nxc3 Rbd8 17. Na4 Qxe1+ 18. Nxe1 Rd1 19. Bb2 Rfd8 20. Kh2 g5 21. Rxd1
Rxd1 22. Nf3 gxf4 23. Rd2 Rxd2 24. Nxd2 Nf7 25. Nf3 Bb5 26. Bc1 Bb4 27. Bxf4
Kf8 28. c4 Bxa4 29. bxa4 Bc3 30. Kg1 Nd8 31. Be3 a6 32. Kf2 Ke8 33. Ke2 Nf7 34.
Bf4 Kd7 35. Kd3 Bb2 36. Kc2 Ba1 37. Kb1 Bc3 38. Kc2 Ba1 39. Kb1 Bc3 40. Kc2
1/2-1/2

[Event "Sveins 6. Minneturnering"]
[Site "Oslo"]
[Date "2013.06.21"]
[Round "6"]
[White "Grønn, Atle"]
[Black "Christiansen, Johan-Sebastian"]
[Result "0-1"]
[WhiteElo "2368"]
[BlackElo "2086"]
[PlyCount "154"]
[EventDate "2013.??.??"]

1. g3 c5 2. Bg2 Nc6 3. e4 g6 4. Ne2 Bg7 5. O-O e6 6. d3 Nge7 7. c3 O-O 8. Be3
b6 9. d4 cxd4 10. Nxd4 Bb7 11. f4 Nxd4 12. Bxd4 d5 13. e5 Nc6 14. Bf2 Rc8 15.
Na3 Na5 16. Qa4 Ba6 17. Rfe1 Qe8 18. Qc2 Qc6 19. Rad1 Rfd8 20. Qb1 Bf8 21. Nc2
Qc7 22. g4 Bg7 23. Nd4 Nc6 24. Nxc6 Qxc6 25. f5 Bb7 26. Rd3 Rc7 27. Rh3 Bc8 28.
f6 Bf8 29. Bd4 Ba6 30. Qc1 Qa4 31. a3 Rc4 32. Rd1 Rdc8 33. b4 Qb3 34. Bf1 Rxd4
35. Rxd4 Bxf1 36. Kxf1 a5 37. Rdd3 axb4 38. axb4 Qc4 39. Qg5 Ra8 40. Rhf3 Ra2
41. Qf4 Qb3 42. Rd2 Rxd2 43. Qxd2 Qc4+ 44. Kf2 Qxg4 45. Qd4 Qh5 46. Kg2 b5 47.
Rf2 Qg5+ 48. Kf1 Qc1+ 49. Kg2 Qg5+ 50. Kf1 Qc1+ 51. Ke2 Bh6 52. Qd3 Qg5 53. Qd4
Qc1 54. Qd3 Qg5 55. Qg3 Qc1 56. Rf3 Bd2 57. Rd3 Bf4 58. Qf3 Qc2+ 59. Kf1 Bxe5
60. h3 Bxf6 61. Re3 Kg7 62. Qe2 Qc1+ 63. Qe1 Qc2 64. Qe2 Qb1+ 65. Qe1 Qf5+ 66.
Kg2 Qc2+ 67. Kh1 e5 68. Qf1 e4 69. Rg3 Be5 70. Rg2 Qxc3 71. Rf2 f5 72. Ra2 Qg3
73. Ra7+ Kh6 74. Ra2 d4 75. Qxb5 d3 76. Qd5 Qxh3+ 77. Kg1 Bf4 0-1

[Event "Sveins 6. Minneturnering"]
[Site "Oslo"]
[Date "2013.06.21"]
[Round "6"]
[White "Aulin-Jansson, Jøran"]
[Black "Moseng, Geir"]
[Result "1-0"]
[WhiteElo "2222"]
[BlackElo "2068"]
[PlyCount "35"]
[EventDate "2013.??.??"]

1. d4 Nf6 2. c4 g6 3. Nc3 d5 4. cxd5 Nxd5 5. Bd2 Nb6 6. Bg5 Bg7 7. e3 O-O 8.
Nf3 N8d7 9. Be2 c6 10. O-O Qe8 11. a4 Nf6 12. e4 h6 13. Bf4 Nh5 14. Be3 Be6 15.
Nd2 Nf6 16. a5 Nc8 17. h3 Nd7 18. d5
1-0

[Event "Sveins 6. Minneturnering"]
[Site "Oslo"]
[Date "2013.06.21"]
[Round "6"]
[White "Johansen, Stian"]
[Black "Machlik, Monika"]
[Result "1-0"]
[WhiteElo "2081"]
[BlackElo "1917"]
[PlyCount "53"]
[EventDate "2013.??.??"]

1. d4 d5 2. c4 dxc4 3. Nf3 Nf6 4. e3 Bg4 5. Bxc4 e6 6. Qb3 Bxf3 7. gxf3 Nbd7 8.
Qxb7 c5 9. Qb3 cxd4 10. exd4 Rb8 11. Qd3 Be7 12. Nc3 O-O 13. Rg1 Kh8 14. Bb5 e5
15. Be3 Bb4 16. a4 Qa5 17. Kf1 Rbd8 18. Bg5 Rc8 19. Qf5 exd4 20. Ne4 Nxe4 21.
fxe4 Nb6 22. Bf6 Rg8 23. Rg3 Rc5 24. e5 Nd5 25. Qxh7+ Kxh7 26. Rh3+ Kg6 27.
Bd3#
1-0

[Event "Sveins 6. Minneturnering"]
[Site "Oslo"]
[Date "2013.06.21"]
[Round "6"]
[White "Omtvedt, Per"]
[Black "Westerinen, Heikki M.J."]
[Result "1/2-1/2"]
[WhiteElo "2051"]
[BlackElo "2318"]
[PlyCount "133"]
[EventDate "2013.??.??"]

1. e4 e5 2. Nf3 Nc6 3. Bb5 a6 4. Ba4 Nf6 5. O-O Be7 6. Re1 b5 7. Bb3 d6 8. c3
O-O 9. h3 Na5 10. Bc2 c5 11. d4 Qc7 12. Nbd2 Nc6 13. d5 Nd8 14. a4 Rb8 15. Nf1
Ne8 16. axb5 axb5 17. g4 g6 18. Ng3 Ng7 19. Bh6 f6 20. Qd2 Nf7 21. Bxg7 Kxg7
22. Kg2 Bd7 23. Ra6 Ra8 24. Rea1 Qb7 25. Rxa8 Rxa8 26. Rxa8 Qxa8 27. Bb1 Qa1
28. Qc2 c4 29. Nd2 Bd8 30. Ne2 Bb6 31. Nc1 Qa7 32. Nf1 Nd8 33. Ng3 Nb7 34. Qd2
Qa1 35. Qc2 Nc5 36. b4 cxb3 37. Nxb3 Qa3 38. Nc1 Na4 39. Na2 Qc5 40. Qd2 Kg8
41. Bd3 Ba5 42. Ne2 Qa3 43. Bb1 Qb3 44. Qc2 Qxc2 45. Bxc2 Kf7 46. Kf1 h5 47. f3
Ke7 48. Ke1 h4 49. Kd2 g5 50. Nb4 Kd8 51. Nc1 Kc7 52. Nb3 Bb6 53. Bd3 Bf2 54.
Nc2 Kb6 55. Be2 Bg3 56. Nb4 Nc5 57. Kc2 Bf2 58. Nd3 Be3 59. Nb4 Na6 60. Nd3 Bc5
61. Nb2 Ba3 62. Nd3 b4 63. Nxb4 Nxb4+ 64. cxb4 Bxb4 65. Bc4 Ba4 66. Kd3 Bc5 67.
Kc3
1/2-1/2

[Event "Sveins 6. Minneturnering"]
[Site "Oslo"]
[Date "2013.06.21"]
[Round "6"]
[White "Mihajlov, Svetoslav"]
[Black "Rødvik, Trym Daniel"]
[Result "1-0"]
[WhiteElo "2055"]
[BlackElo "1891"]
[PlyCount "57"]
[EventDate "2013.??.??"]

1. d4 Nf6 2. c4 g6 3. Nc3 Bg7 4. e4 O-O 5. Nf3 d6 6. h3 c5 7. d5 a6 8. a4 e6 9.
Bd3 exd5 10. cxd5 Re8 11. O-O c4 12. Bc2 Nbd7 13. Re1 b6 14. Bf4 Qc7 15. Nd4
Nc5 16. Nc6 Nh5 17. Bh2 Bd7 18. Qe2 Bxc6 19. dxc6 Nd3 20. Bxd3 cxd3 21. Qxd3
Be5 22. Nd5 Qxc6 23. Rec1 Qd7 24. Bxe5 dxe5 25. g4 Kh8 26. gxh5 gxh5 27. Kh2
Rad8 28. Qe2 Qxh3+ 29. Kxh3
1-0

[Event "Sveins 6. Minneturnering"]
[Site "Oslo"]
[Date "2013.06.21"]
[Round "6"]
[White "Machlik, Endre"]
[Black "Mikalsen, Erlend"]
[Result "0-1"]
[WhiteElo "1650"]
[BlackElo "2117"]
[PlyCount "50"]
[EventDate "2013.??.??"]

1. d4 Nf6 2. c4 e6 3. Nc3 Bb4 4. Qc2 O-O 5. Bg5 b6 6. e4 h6 7. Bxf6 Qxf6 8. Nf3
c5 9. e5 Qe7 10. Qe4 Nc6 11. d5 exd5 12. cxd5 Nxe5 13. Qxe5 Qxe5+ 14. Nxe5 Re8
15. O-O-O Bxc3 16. bxc3 Rxe5 17. Kc2 d6 18. c4 Bd7 19. Kc3 a6 20. Rb1 b5 21.
Rb2 Re1 22. Re2 Re8 23. Rc2 b4+ 24. Kb2 Bf5 25. Rd2 Rb1#
0-1

[Event "Sveins 6. Minneturnering"]
[Site "Oslo"]
[Date "2013.06.21"]
[Round "6"]
[White "Kjølberg, Jens Hjorth"]
[Black "Østby, Martin Bergsjø"]
[Result "0-1"]
[WhiteElo "2011"]
[BlackElo "1872"]
[PlyCount "60"]
[EventDate "2013.??.??"]

1. e4 c5 2. Nf3 e6 3. c4 Nc6 4. Nc3 d6 5. d4 cxd4 6. Nxd4 Be7 7. Be2 Nf6 8. O-O
O-O 9. Be3 Nd7 10. Qd2 Nxd4 11. Bxd4 b6 12. Rfd1 Bb7 13. f3 Rc8 14. Bf1 Qc7 15.
Qf2 Ne5 16. Rac1 Rfd8 17. b3 Ng6 18. g3 Qb8 19. Bg2 d5 20. exd5 exd5 21. cxd5
Ba3 22. Rb1 Bxd5 23. Nxd5 Rxd5 24. Be3 Rcd8 25. Rxd5 Rxd5 26. f4 Rd3 27. Bf1
Rxe3 28. b4 Qe8 29. Qd2 Qe4 30. f5 Nf8
0-1

[Event "Sveins 6. Minneturnering"]
[Site "Oslo"]
[Date "2013.06.21"]
[Round "6"]
[White "Djurhuus, Eivind X"]
[Black "Sætre, Roger"]
[Result "0-1"]
[WhiteElo "1934"]
[BlackElo "1835"]
[PlyCount "48"]
[EventDate "2013.??.??"]

1. e4 e6 2. d4 d5 3. Nc3 Bb4 4. e5 c5 5. a3 Bxc3+ 6. bxc3 Ne7 7. h4 Nbc6 8. h5
Qa5 9. Bd2 Qa4 10. Nf3 cxd4 11. Rh4 Nf5 12. Rf4 g5 13. Nxg5 Nxe5 14. Qe2 f6 15.
g4 Qxc2 16. Qb5+ Bd7 17. Qxb7 dxc3 18. Bc1 O-O 19. Nxe6 Bxe6 20. gxf5 Rfb8 21.
Qe7 Bxf5 22. Qxf6 Re8 23. Be2 Nf3+ 24. Kf1 Bh3#
0-1